[Event "GER Cup Net Final-C U1600"]
[Site "Playchess.com INT"]
[Date "2020.06.06"]
[Round "3"]
[White "Ruddat, Mathias"]
[Black "Segermann, Nils"]
[Result "0-1"]
[WhiteElo "1587"]
[BlackElo "1705"]
[PlyCount "138"]
[EventDate "2020.06.06"]
[EventType "swiss (blitz)"]
[EventRounds "13"]
[EventCountry "GER"]
[SourceTitle "CBM 197 Extra"]
[Source "ChessBase"]
[SourceDate "2020.09.30"]
[SourceVersion "1"]
[SourceVersionDate "2020.09.30"]
[SourceQuality "1"]

1. e4 e6 2. d4 b6 3. Nf3 Bb7 4. Bd3 Nf6 5. e5 Nd5 6. 0-0 Nb4 7. c3 Nxd3 8. Qxd3 c5 9. Nbd2 cxd4 10. Nxd4 Bc5 11. N2f3 Qc7 12. Be3 Bxd4 13. Bxd4 Ba6 14. Qe4 Nc6 15. Rfd1 Bb7 16. Qg4 0-0 17. Be3 Nxe5 18. Nxe5 Qxe5 19. Bd4 h5 20. Bxe5 hxg4 21. Rxd7 Bd5 22. b3 Rfd8 23. Rxd8+ Rxd8 24. Rd1 Rd7 25. Bb8 a6 26. c4 Bc6 27. Rxd7 Bxd7 28. Bc7 b5 29. c5 Kf8 30. Kf1 Ke7 31. Ke2 Bc6 32. f3 gxf3+ 33. gxf3 Kf6 34. b4 Kf5 35. Ke3 g6 36. a3 f6 37. Bd6 e5 38. Be7 Ke6 39. Bd6 f5 40. Bf8 Kd5 41. Bd6 e4 42. fxe4+ fxe4 43. Bc7 Kc4 44. Be5 Kb3 45. Bd4 Kxa3 46. Kd2 Kxb4 47. Kc2 Kc4 48. Bf2 a5 49. Kb2 b4 50. Kc2 a4 51. Kb2 Bd5 52. Kc2 a3 53. Be1 Kxc5 54. Bd2 Kc4 55. Be3 b3+ 56. Kb1 Kd3 57. Bc5 e3 58. Bxa3 Ke2 59. Bb4 Kf1 60. h4 e2 61. h5 gxh5 62. Kb2 e1Q 63. Bxe1 Kxe1 64. Ka1 h4 65. Kb2 h3 66. Kb1 h2 67. Ka1 h1Q 68. Kb2 Qg2+ 69. Ka1 Qa2# 0-1

[Event "GER Cup Net Final-C U1600"]
[Site "Playchess.com INT"]
[Date "2020.06.06"]
[Round "5"]
[White "Segermann, Nils"]
[Black "Badrinarayanan, Harini"]
[Result "1-0"]
[WhiteElo "1705"]
[BlackElo "1801"]
[PlyCount "97"]
[EventDate "2020.06.06"]
[EventType "swiss (blitz)"]
[EventRounds "13"]
[EventCountry "GER"]
[SourceTitle "CBM 197 Extra"]
[Source "ChessBase"]
[SourceDate "2020.09.30"]
[SourceVersion "1"]
[SourceVersionDate "2020.09.30"]
[SourceQuality "1"]

1. e4 d5 2. exd5 Nf6 3. Bc4 Nxd5 4. Bxd5 Qxd5 5. Qf3 Qe5+ 6. Ne2 Nc6 7. c3 Qf5 8. Qxf5 Bxf5 9. 0-0 0-0-0 10. d4 e5 11. dxe5 Nxe5 12. Nd4 Bg6 13. Nd2 Nd3 14. N2f3 f6 15. Ne1 Nxc1 16. Rxc1 Bd6 17. Nef3 Rhe8 18. Rfe1 c5 19. Nb5 Bf4 20. Rcd1 Rxd1 21. Rxd1 a6 22. Na3 Re2 23. g3 Rxb2 24. gxf4 Rxa2 25. Nc4 b5 26. Nd6+ Kc7 27. f5 Bh5 28. Kg2 Kd7 29. Nxb5+ Kc6 30. Na7+ Kb7 31. Rd7+ Kb6 32. Nc8+ Kb5 33. Rxg7 Kc4 34. Rxh7 Bxf3+ 35. Kxf3 Kxc3 36. Ra7 c4 37. Nd6 Kd4 38. Ne8 Ke5 39. Rc7 Ra3+ 40. Kg4 c3 41. f4+ Kd4 42. Nxf6 Kd3 43. Nd5 c2 44. Nb4+ Kd2 45. Rxc2+ Kd1 46. Rc6 a5 47. Nd5 Rd3 48. Nb6 a4 49. Nxa4 1-0

[Event "GER Cup Net V4 U1600"]
[Site "Playchess.com INT"]
[Date "2020.05.31"]
[Round "1"]
[White "Segermann, Nils"]
[Black "Haertel, Leon"]
[Result "1-0"]
[WhiteElo "1692"]
[BlackElo "1437"]
[PlyCount "135"]
[EventDate "2020.05.31"]
[EventType "swiss (blitz)"]
[EventRounds "9"]
[EventCountry "GER"]
[SourceTitle "EXT 2021"]
[Source "ChessBase"]
[SourceDate "2020.10.23"]
[SourceVersion "1"]
[SourceVersionDate "2020.10.23"]
[SourceQuality "1"]

1. e4 e5 2. Bc4 Nf6 3. d3 Bc5 4. Nc3 Nc6 5. Bg5 h6 6. Bxf6 Qxf6 7. Qf3 Qxf3 8. Nxf3 d6 9. Nd5 Bb6 10. a4 Be6 11. c3 0-0 12. b4 Bxd5 13. exd5 Ne7 14. a5 Bxa5 15. Rxa5 b6 16. Ra1 a5 17. bxa5 Rxa5 18. Rxa5 bxa5 19. 0-0 Ra8 20. Ra1 c6 21. dxc6 Nxc6 22. Bd5 Rc8 23. Bxc6 Rxc6 24. c4 Rb6 25. g3 Ra6 26. Nd2 f5 27. Ra4 Kf7 28. Nb3 Ke6 29. Rxa5 Rxa5 30. Nxa5 d5 31. cxd5+ Kxd5 32. Kf1 Kd4 33. Ke2 g5 34. Nc6+ Kd5 35. Ne7+ Ke6 36. Nc6 h5 37. f3 Kd6 38. Nb4 f4 39. gxf4 gxf4 40. h4 Ke6 41. Kd2 Kf5 42. Kc3 Kf6 43. Kc4 Ke6 44. Kc5 Kf5 45. Kd5 Kf6 46. Ke4 Ke6 47. Nc6 Kd6 48. Nxe5 Ke6 49. Ng6 Kf6 50. Nxf4 Kg7 51. Nxh5+ Kg6 52. Nf4+ Kf6 53. d4 Kf7 54. d5 Ke7 55. h5 Kd7 56. h6 Ke7 57. h7 Kd6 58. h8Q Kc5 59. Qd4+ Kb5 60. d6 Kc6 61. d7 Kb5 62. d8Q Kc6 63. Q8d6+ Kb5 64. Q4c5+ Ka4 65. Qdd4+ Kb3 66. Qcc3+ Ka2 67. Qdd2+ Kb1 68. Qcc1# 1-0

[Event "GER Cup Net V2 U1600"]
[Site "Playchess.com INT"]
[Date "2020.05.22"]
[Round "8"]
[White "Segermann, Nils"]
[Black "Ruddat, Jarne"]
[Result "1/2-1/2"]
[WhiteElo "1645"]
[BlackElo "1640"]
[PlyCount "141"]
[EventDate "2020.05.22"]
[EventType "swiss (blitz)"]
[EventRounds "9"]
[EventCountry "GER"]
[SourceTitle "EXT 2021"]
[Source "ChessBase"]
[SourceDate "2020.10.23"]
[SourceVersion "1"]
[SourceVersionDate "2020.10.23"]
[SourceQuality "1"]

1. e4 c5 2. Bc4 g6 3. d4 cxd4 4. Qxd4 Nf6 5. e5 Nc6 6. Qe3 Qa5+ 7. Bd2 Qxe5 8. Qxe5 Nxe5 9. Bb3 e6 10. Bc3 d6 11. f4 Ned7 12. Ba4 Bg7 13. Bxd7+ Bxd7 14. Ne2 a5 15. a4 0-0 16. Nd2 d5 17. Nb3 Ne4 18. Bxa5 Bxb2 19. Rb1 Bg7 20. Bd2 Nxd2 21. Nxd2 Rxa4 22. Rxb7 Bc6 23. Rb1 d4 24. 0-0 Ra2 25. Nb3 Rxc2 26. Nbxd4 Bxd4+ 27. Nxd4 Rxg2+ 28. Kh1 Rc2+ 29. Nxc6 Rxc6 30. Kg2 Rd8 31. Rb7 Rd2+ 32. Kg3 Rc3+ 33. Kg4 Rxh2 34. Kg5 Rg3+ 35. Kf6 h5 36. Rxf7 Rg4 37. Rg7+ Kh8 38. Rxg6 Rxg6+ 39. Kxg6 h4 40. Re1 h3 41. Rxe6 Rg2+ 42. Kf7 Rg7+ 43. Kf8 Kh7 44. Re3 Rg8+ 45. Kf7 Rg7+ 46. Kf6 Rg6+ 47. Kf5 Kg7 48. Rxh3 Rf6+ 49. Ke5 Rg6 50. f5 Rg5 51. Rc3 Rh5 52. Ke6 Kf8 53. Kf6 Rh6+ 54. Kg5 Ra6 55. f6 Ra1 56. Rc8+ Kf7 57. Rc7+ Kf8 58. Kg6 Rg1+ 59. Kf5 Rf1+ 60. Ke6 Re1+ 61. Kd5 Rf1 62. Rc6 Kf7 63. Ke5 Re1+ 64. Kd4 Rf1 65. Ke5 Re1+ 66. Kf5 Rf1+ 67. Kg5 Rg1+ 68. Kh4 Rf1 69. Kg5 Rg1+ 70. Kh4 Rf1 71. Kg5 1/2-1/2

[Event "GER Cup Net V1 U1600"]
[Site "Playchess.com INT"]
[Date "2020.05.19"]
[Round "7"]
[White "Siemianowski, Regina"]
[Black "Segermann, Nils"]
[Result "1-0"]
[WhiteElo "1387"]
[BlackElo "1726"]
[PlyCount "121"]
[EventDate "2020.05.19"]
[EventType "swiss (blitz)"]
[EventRounds "9"]
[EventCountry "GER"]
[SourceTitle "EXT 2021"]
[Source "ChessBase"]
[SourceDate "2020.10.23"]
[SourceVersion "1"]
[SourceVersionDate "2020.10.23"]
[SourceQuality "1"]

1. e4 e6 2. d4 c5 3. c3 cxd4 4. cxd4 d5 5. exd5 Qxd5 6. Nc3 Bb4 7. Bd2 Bxc3 8. Bxc3 Nc6 9. Nf3 Nf6 10. Be2 Ne4 11. 0-0 b6 12. Rc1 Bb7 13. b3 Nxc3 14. Rxc3 0-0 15. Bc4 Qd7 16. Ne5 Nxe5 17. dxe5 Rad8 18. Qxd7 Rxd7 19. h3 Rfd8 20. Be2 g6 21. Rfc1 a5 22. Rc7 Be4 23. Rxd7 Rxd7 24. Bb5 Rd5 25. Bc6 Rxe5 26. Bxe4 Rxe4 27. Kf1 Kg7 28. Rc6 Rb4 29. Ke2 b5 30. Kd2 a4 31. Kc3 Rf4 32. f3 Rf5 33. bxa4 bxa4 34. Kb4 Re5 35. Rc2 Kf6 36. Kxa4 Kf5 37. Kb3 Kf4 38. a4 Kg3 39. Ra2 Rd5 40. Kc4 Rd8 41. a5 f5 42. a6 e5 43. a7 e4 44. fxe4 fxe4 45. a8Q Rxa8 46. Rxa8 Kxg2 47. Kd4 Kxh3 48. Kxe4 Kg4 49. Rh8 h5 50. Ke3 g5 51. Kf2 Kf4 52. Kg2 h4 53. Kh3 Kf3 54. Rg8 Kf4 55. Rg7 Kf5 56. Rg8 Kf4 57. Rf8+ Ke5 58. Kg4 Ke6 59. Kxg5 h3 60. Rh8 h2 61. Rxh2 1-0

[Event "GER-ch Net Amateur Gr-C Final"]
[Site "Playchess.com INT"]
[Date "2020.04.18"]
[Round "9"]
[White "Segermann, Nils"]
[Black "Roos Nazario, Valentin1111"]
[Result "1-0"]
[WhiteElo "1792"]
[BlackElo "1437"]
[PlyCount "143"]
[EventDate "2020.04.18"]
[EventType "swiss (blitz)"]
[EventRounds "13"]
[EventCountry "GER"]
[SourceTitle "CBM 195 Extra"]
[Source "ChessBase"]
[SourceDate "2020.05.31"]
[SourceVersion "1"]
[SourceVersionDate "2020.05.31"]
[SourceQuality "1"]

1. e4 e5 2. Bc4 Nc6 3. Nc3 Bc5 4. d3 Nf6 5. Bg5 d6 6. Nd5 Be6 7. Bxf6 gxf6 8. c3 Bxd5 9. Bxd5 Qd7 10. a4 0-0-0 11. b4 Bxb4 12. cxb4 Nxb4 13. Qb3 Nxd5 14. Qxd5 c6 15. Qb3 Rhg8 16. g3 f5 17. Ne2 fxe4 18. dxe4 Rg6 19. Rb1 Rg4 20. Qf3 Rdg8 21. 0-0 R4g6 22. Rb3 Qg4 23. Qxg4+ Rxg4 24. f3 R4g7 25. Rfb1 f6 26. Kf2 h5 27. a5 a6 28. Rc1 Kc7 29. Rd3 Rd8 30. f4 Rh7 31. fxe5 fxe5 32. Rf3 h4 33. Kg2 hxg3 34. hxg3 Rg7 35. Rcf1 Rdd7 36. Nc3 Rg4 37. Rf7 Rg7 38. Rxd7+ Rxd7 39. g4 d5 40. exd5 cxd5 41. Rc1 Kd6 42. Kg3 d4 43. Ne4+ Ke6 44. Rc5 Rd5 45. Ng5+ Kd6 46. Rxd5+ Kxd5 47. Kf3 Kc5 48. Ke4 Kd6 49. Nf3 Ke6 50. Nxe5 Kf6 51. Kxd4 Kg5 52. Kc5 Kf6 53. Nd7+ Ke7 54. Nb8 Kd8 55. Kb6 Kc8 56. Ka7 Kc7 57. g5 b5 58. axb6+ Kd6 59. Nxa6 Kc6 60. b7 Kd6 61. b8Q+ Ke6 62. Qg8+ Kf5 63. g6 Kf6 64. g7 Ke7 65. Qf8+ Kd7 66. g8Q Kc6 67. Qf6+ Kb5 68. Qgg5+ Kc4 69. Qff4+ Kd3 70. Qgg3+ Ke2 71. Qff2+ Kd1 72. Qgg1# 1-0

[Event "GER-ch Net Amateur Gr-C Vor2"]
[Site "Playchess.com INT"]
[Date "2020.04.15"]
[Round "2"]
[White "Segermann, Nils"]
[Black "Kuever, Bastian"]
[Result "0-1"]
[WhiteElo "1830"]
[BlackElo "1554"]
[PlyCount "80"]
[EventDate "2020.04.15"]
[EventType "swiss (blitz)"]
[EventRounds "9"]
[EventCountry "GER"]
[SourceTitle "CBM 196 Extra"]
[Source "ChessBase"]
[SourceDate "2020.07.31"]
[SourceVersion "1"]
[SourceVersionDate "2020.07.31"]
[SourceQuality "1"]

1. e4 c5 2. Bc4 e6 3. a3 Nc6 4. d3 d6 5. Nf3 Nf6 6. 0-0 Be7 7. Bg5 0-0 8. c3 h6 9. Bxf6 Bxf6 10. Nbd2 a6 11. Ba2 b5 12. Bb1 Bb7 13. Re1 a5 14. Nf1 b4 15. axb4 axb4 16. Rxa8 Bxa8 17. d4 bxc3 18. bxc3 cxd4 19. cxd4 Qb6 20. d5 Nd4 21. Nxd4 Qxd4 22. Qxd4 Bxd4 23. dxe6 fxe6 24. Rd1 Bxf2+ 25. Kh1 Bc5 26. Nd2 Rf2 27. Nb3 Re2 28. Nxc5 dxc5 29. h3 Bxe4 30. Ba2 Rxa2 31. Rc1 Rc2 32. Re1 Bxg2+ 33. Kg1 Bd5 34. h4 c4 35. h5 c3 36. Re3 Rg2+ 37. Kf1 c2 38. Rc3 Rd2 39. Rc8+ Kh7 40. Rxc2 Rxc2 0-1

[Event "GER-ch Net Amateur Gr-C Vor1"]
[Site "Playchess.com INT"]
[Date "2020.04.14"]
[Round "8"]
[White "Fock, Madiha"]
[Black "Segermann, Nils"]
[Result "1-0"]
[WhiteElo "1620"]
[BlackElo "1876"]
[PlyCount "65"]
[EventDate "2020.04.14"]
[EventType "swiss (blitz)"]
[EventRounds "9"]
[EventCountry "GER"]
[SourceTitle "CBM 196 Extra"]
[Source "ChessBase"]
[SourceDate "2020.07.31"]
[SourceVersion "1"]
[SourceVersionDate "2020.07.31"]
[SourceQuality "1"]

1. e4 e6 2. d4 b6 3. Nc3 Bb7 4. Bd3 Bb4 5. Nge2 Nf6 6. 0-0 Bxc3 7. Nxc3 d5 8. e5 Nfd7 9. Re1 c5 10. Ne2 c4 11. Bxc4 dxc4 12. Nc3 Nc6 13. Nb5 0-0 14. Nd6 Qc7 15. Qg4 Ne7 16. Bh6 Ng6 17. Be3 Qc6 18. f3 Nb8 19. h4 Qd7 20. h5 Ne7 21. Bh6 g6 22. Bxf8 Kxf8 23. Qf4 Nf5 24. hxg6 hxg6 25. c3 Nc6 26. g4 Nxd6 27. exd6 Rd8 28. Qh6+ Kg8 29. Kf2 Qxd6 30. Rh1 f5 31. Qxg6+ Kf8 32. Rh8+ Ke7 33. Qg7# 1-0

[Event "GER-ch Net Amateur Gr-C Vor1"]
[Site "Playchess.com INT"]
[Date "2020.04.14"]
[Round "5"]
[White "Segermann, Nils"]
[Black "Ruddat, Jarne"]
[Result "0-1"]
[WhiteElo "1969"]
[BlackElo "1564"]
[PlyCount "166"]
[EventDate "2020.04.14"]
[EventType "swiss (blitz)"]
[EventRounds "9"]
[EventCountry "GER"]
[SourceTitle "CBM 196 Extra"]
[Source "ChessBase"]
[SourceDate "2020.07.31"]
[SourceVersion "1"]
[SourceVersionDate "2020.07.31"]
[SourceQuality "1"]

1. e4 c5 2. Bc4 g6 3. Qf3 e6 4. b3 Bg7 5. c3 Ne7 6. Bb2 0-0 7. d4 cxd4 8. cxd4 d5 9. exd5 exd5 10. Bd3 Nbc6 11. Ne2 h5 12. h3 Bf5 13. Bb5 Qa5+ 14. Nbc3 Nxd4 15. Nxd4 Bxd4 16. Be2 Be6 17. 0-0 Rac8 18. Rfc1 Bg7 19. Rc2 d4 20. Qxb7 dxc3 21. Bxc3 Qc7 22. Qxc7 Rxc7 23. Rac1 Rfc8 24. Ba6 Rxc3 25. Bxc8 Rxc8 26. Rxc8+ Bxc8 27. Rc7 Kf8 28. Rxa7 Bf5 29. a4 Nc6 30. Rc7 Na5 31. b4 Nb3 32. a5 Be5 33. Rb7 Bc3 34. b5 Bxa5 35. f3 Nd4 36. Rb8+ Ke7 37. b6 Kd7 38. b7 Kc7 39. Ra8 Ne2+ 40. Kf1 Ng3+ 41. Kf2 Bb6+ 42. Kxg3 Kxb7 43. Rf8 Be6 44. Kf4 Kc7 45. g4 hxg4 46. fxg4 Kd7 47. h4 Bc7+ 48. Kg5 Bd8+ 49. Kh6 Bxh4 50. Kg7 Ke7 51. Ra8 Bf6+ 52. Kh7 Be5 53. Ra7+ Kf6 54. Kh6 Bxg4 55. Kh7 Be6 56. Ra6 g5 57. Kh6 Kf5 58. Kh5 f6 59. Ra5 Bf7+ 60. Kh6 Kf4 61. Kg7 Be6 62. Ra4+ Kf5 63. Ra5 g4 64. Kh6 Kf4 65. Kh5 Bf7+ 66. Kh4 Kf3 67. Rxe5 fxe5 68. Kg5 g3 69. Kf6 g2 70. Kxe5 g1Q 71. Kf6 Qg6+ 72. Ke5 Qe6+ 73. Kd4 Qc4+ 74. Ke5 Ke3 75. Kf6 Kf4 76. Kg7 Kg5 77. Kf8 Qc8+ 78. Ke7 Qc7+ 79. Kf8 Qd8+ 80. Kg7 Qf6+ 81. Kf8 Be6+ 82. Ke8 Qf7+ 83. Kd8 Qd7# 0-1